000 00562nam a2200181 a 4500
001 000043325
005 20201002040820.0
008 140310s1995 sp 000 0 spa d
020 _a842644928X
040 _aDO-SdBNP
_bspa
_cBNPHU
100 1 _aEncinar, Ángeles
_970964
245 1 0 _aCuentos de este siglo :
_b30 narradoras españolas contemporáneas /
_cÁngeles Encinar.
260 _aBarcelona, :
_bLumen,
_c1995.
300 _a351 p. ;
_c19 cm.
490 1 _aFemenino Lumen
_v28
504 _aBibliografía p: 323-351
830 0 _aFemenino Lumen
_n28
_970965
999 _c42814
_d42814